| 000 | 01365cam a2200349 a 4500 | ||
|---|---|---|---|
| 999 |
_c531523 _d531523 |
||
| 001 | 3044660 | ||
| 003 | NUST | ||
| 005 | 20191018102755.0 | ||
| 008 | 950828s1994 onca b 000 0 eng d | ||
| 010 | _a 95196497 | ||
| 020 |
_a0969902808 : _c$85.00 |
||
| 035 | _a(OCoLC)31647190 | ||
| 038 | _awaseem | ||
| 040 |
_aCaOONL _beng _cCaOONL _dDLC |
||
| 042 | _alccopycat | ||
| 043 |
_an-cn-on _an-cn--- |
||
| 050 | 0 | 0 |
_aNA4445.C22 _bO865 1994 |
| 082 | 0 | 4 |
_a917.1384 _bHNA |
| 100 | 1 |
_aHnatyshyn, Gerda, _d1935- _924325 |
|
| 245 | 1 | 0 |
_aRideau Hall : _bCanada's living heritage / _cpreface, Ramon John Hnatyshyn and Gerda Hnatyshyn ; [co-authors, Gerda Hnatyshyn, Paulette Lachapelle-Bélisle]. |
| 260 |
_aVanier, Ont. : _bFriends of Rideau Hall, _cc1994. |
||
| 300 |
_axii, 148 p. : _bcol. ill. ; _c32 cm. |
||
| 504 | _aIncludes bibliographical references (p. 147). | ||
| 650 | 0 |
_aRideau Hall (Ottawa, Ont.) _924326 |
|
| 650 | 0 |
_aGovernors general _xHomes and haunts _zOntario _zOttawa. _924327 |
|
| 651 | 0 |
_aOttawa (Ont.) _xBuildings, structures, etc. _924328 |
|
| 700 | 2 |
_aLachapelle-Bélisle, Paulette, _d1946- _924329 |
|
| 710 | 2 |
_aFriends of Rideau Hall. _924330 |
|
| 906 |
_a7 _bcbc _ccopycat _d3 _encip _f19 _gy-gencatlg |
||
| 942 |
_2ddc _cBK |
||